|
|
|
|
| LEADER |
00000nkm a2200000 a 4500 |
| 001 |
vtls011907355 |
| 003 |
SK-MaSNL |
| 005 |
20260512122450.0 |
| 007 |
kp bo |
| 008 |
231120s1969 xr g kuslo |
| 015 |
|
|
|a SNBG1969
|
| 035 |
|
|
|a urn:nbn:sk:snk-km00ea04
|
| 035 |
|
|
|a urn:nbn:sk:snk-km43h63
|
| 035 |
|
|
|a 2D450F71-C968-4BDF-AF23-245F0F6BD878
|
| 040 |
|
|
|a SNK
|b slo
|c SNK
|e AACR2
|
| 041 |
0 |
|
|a slo
|
| 043 |
|
|
|a e-xo---
|
| 044 |
|
|
|a xr
|c CZ
|
| 072 |
|
7 |
|a 913
|x Regionálna geografia
|2 konspekt
|
| 080 |
|
|
|a 913(437.6)
|2 2011
|
| 080 |
|
|
|a 711.61
|2 2011
|
| 080 |
|
|
|a (084.121)
|2 2011
|
| 080 |
|
|
|a 725
|2 2011
|
| 100 |
1 |
|
|a Hajduch, Ján,
|d 1906-1972
|4 pht
|9 98286
|
| 245 |
1 |
0 |
|a Nová Dubnica
|h grafika
|b Námestie Mieru
|c foto J. Hajduch
|
| 260 |
|
|
|a Praha
|b Orbis
|c 1969
|
| 300 |
|
|
|a 1 pohľadnica
|b čiernobiela
|c 11 x 15 cm
|
| 500 |
|
|
|a Na adresnej časti uvedené: "Foto © J. Hajduch"
|
| 520 |
8 |
|
|a Zobrazenie: Pohľad na námesie, v popredí vidno tri kvetináče s kvetmi na okraji chodníka. Vpravo uprostred križovatky je ostrovček zelene, v pozadí je ďalšia trávnatá plocha. Vpravo je rad poschodových budov, obchodov. Na hcodníku uprostred záberu vidno pár ľudí, vpravo je na okraji ulice zaparkovaná motorka
|
| 650 |
0 |
7 |
|a námestia
|2 SNKPH
|9 26291
|
| 650 |
0 |
7 |
|a obchody
|2 SNKPH
|9 3004
|
| 651 |
|
7 |
|a Nová Dubnica (Slovensko)
|2 SNKPHgeo
|9 29702
|
| 655 |
|
7 |
|a miestne pohľadnice
|2 SNKPH
|9 70510
|
| 852 |
|
|
|a Slovenská národná knižnica
|
| 954 |
|
|
|a pohľadnice pôvodné (slovenské)
|2 lita
|
| 954 |
|
|
|a pohľadnice cudzojazyčné (svetové)
|2 lita
|
| 958 |
|
|
|a GBN
|
| 958 |
|
|
|a GC
|
| 958 |
|
|
|a OND
|
| 958 |
|
|
|a EUIPO
|
| 999 |
|
|
|c 605849
|d 607779
|
| 952 |
|
|
|a SNK
|b SNK
|y PREZ
|7 0
|p 17A1275921
|o snkSP 47846
|0 0
|1 0
|4 0
|d 2019-12-16
|f 1
|l 0
|r 2026-02-23 16:07:58
|w 2026-02-23
|